000 00816nam a2200229Ia 4500
003 IN-BaIIA
008 211028s9999 xx 000 0 eng d
040 _cIIA Library
080 _a621.396.67:52-77
_bKUZ
100 _aKuz'min, A. D
_95523
245 0 _aRadio astronomical methods of antenna measurements
_cA. D. Kuz'min and A. E. Salomonovich; translated from Russian by K. N. Trirogoff
260 _aNew York
_bAcademic Press
_c1966
300 _axvi, 182p.
490 _aElectrical Science - a series of monographs and texts.
500 _aIn India distrubuted by K Krishnamurthy, Madras
650 _aAntenna Measurements
_97141
650 _aMeasurement Techniques
_96548
650 _aRadio Astronomy
_92849
700 _aSalomonovoch, A. E
_97142
700 _aTrirogoff, K. N, tr.
_95525
942 _cBK
999 _c4047
_d4047